Statistiques concernant Bouches du Rhone + Vaucluse = 14

Cliquez ici pour prendre le quiz!

Statistiques générales

  • Ce quiz a été pris 56 fois
    (29 depuis la dernière actualisation)
  • Le résultat moyen est 7 sur 13

Statistiques - réponses

Departement% Correct
Var
85%
Rhône
70%
Creuse
67%
Aube
56%
Orne
52%
Aude
48%
Nord
48%
Eure
44%
Ardeche
41%
Cher
41%
Doubs
41%
Vendée
37%
Landes
30%

Distribution des résultats

Percentile par nombre de réponses

% des personnes avec chaque résultat

Votre développement - résultats

Vous n’avez pas pris ce quiz depuis la dernière actualisation